Cuando desaparecieron los topos : una trilogía /
Gardado en:
| Autor Principal: | |
|---|---|
| Formato: | Libro |
| Idioma: | Spanish |
| Publicado: |
[San José, Costa Rica] :
Ediciones Guayacán,
[1991]
|
| Materias: | |
| Etiquetas: |
Engadir etiqueta
Sen Etiquetas, Sexa o primeiro en etiquetar este rexistro!
|
MARC
| LEADER | 00000nam a2200000 a 4500 | ||
|---|---|---|---|
| 001 | 3964409 | ||
| 005 | 20170512090104.0 | ||
| 008 | 940113s1991 cr 000 1 spa d | ||
| 020 | |a 9977978654 | ||
| 040 | |a AzU |c AzU |d OCoLC |d DLC |d CRU CIICLA | ||
| 082 | |a CR863.4 |b D948-j | ||
| 100 | 2 | |a Durán Ayanegui, Fernando, |d 1939- | |
| 245 | 1 | 0 | |a Cuando desaparecieron los topos : |b una trilogía / |c Fernando Durán Ayanegui. |
| 260 | |a [San José, Costa Rica] : |b Ediciones Guayacán, |c [1991] | ||
| 300 | |a 184 p. ; |c 19 cm. | ||
| 505 | 0 | |r Claudio Bogantes |t El cuento fantástico en Durán Ayanegui / | |
| 505 | 0 | |t Literatura y sociedad en América Latina--Lo real maravilloso, el realismo mágico y la literatura fantástica--Lo real maravilloso--El realismo mágico--La literatura fantástica--Sociedades homogéneas y sociedades heterogéneas--La Joya Manchada--La diégesis--La diégesis de la Joya Manchada--La temática y el simbolismo de los nombres. | |
| 650 | 7 | |9 76 |a LITERATURA COSTARRICENSE |v NOVELA | |
| 942 | |2 ddc |c BK | ||
| 999 | |c 3976 |d 3976 | ||



